<?xml version="1.0" encoding="UTF-8"?>
<marc:record xmlns:marc="http://www.loc.gov/MARC21/slim">
   <marc:leader>00000nam a2200000 a 4500</marc:leader>
   <marc:datafield ind1="1" ind2=" " tag="100">
      <marc:subfield code="a">Mietzel, Gerd</marc:subfield>
      <marc:subfield code="4">aut</marc:subfield>
      <marc:subfield code="e">Verfasser/-in</marc:subfield>
   </marc:datafield>
   <marc:datafield ind1=" " ind2=" " tag="653">
      <marc:subfield code="a">Pädagogische Psychologie</marc:subfield>
   </marc:datafield>
   <marc:datafield ind1=" " ind2=" " tag="653">
      <marc:subfield code="a">Lehrbuch</marc:subfield>
   </marc:datafield>
   <marc:datafield ind1="0" ind2="0" tag="245">
      <marc:subfield code="a">Pädagogische Psychologie des Lernens und Lehrens</marc:subfield>
   </marc:datafield>
   <marc:datafield ind1="0" ind2="0" tag="245">
      <marc:subfield code="c">von Gerd Mietzel</marc:subfield>
   </marc:datafield>
   <marc:datafield ind1=" " ind2="1" tag="264">
      <marc:subfield code="a">Göttingen</marc:subfield>
      <marc:subfield code="b">Hogrefe</marc:subfield>
      <marc:subfield code="c">2007</marc:subfield>
   </marc:datafield>
   <marc:datafield ind1=" " ind2=" " tag="250">
      <marc:subfield code="a">8., überarb. und erw. Aufl.</marc:subfield>
   </marc:datafield>
   <marc:datafield ind1="1" ind2=" " tag="520">
      <marc:subfield code="a">Angaben aus der Verlagsmeldung

Pädagogische Psychologie des Lernens und Lehrens / von Gerd Mietzel

Das Lehrbuch hat sich mittlerweile als Standardwerk in der Ausbildung von Studierenden der Pädagogischen Psychologie, der Pädagogik und des Lehramts etabliert. Die 8., überarbeitete und erweiterte Auflage bietet dem Leser einen gut verständlichen und umfassenden Einblick in die Pädagogische Psychologie, die in jüngerer Zeit eine vollständige Neuorientierung und damit eine Annäherung an die Schulpädagogik vorgenommen hat.
Vor allem aus konstruktivistischer Sicht werden in diesem Lehrbuch Themen wie (kooperatives) Lernen, Gedächtnis, Denken, Motivation und pädagogische Diagnostik dargestellt. Dabei wird davon ausgegangen, dass Lernen nicht nur in Kindheit und Jugend, sondern ebenso im Erwachsenenalter stattfindet und entsprechend anzuregen ist. Besonderer Wert wurde darauf gelegt, den Bezug zur unterrichtlichen Praxis herauszuarbeiten. Ein modernes Layout mit zahlreichen Beispielen sowie Zusammenfassungen am Kapitelende sollen dem Leser dabei helfen, sich die Inhalte des Buches zu erarbeiten.
</marc:subfield>
   </marc:datafield>
   <marc:datafield ind1=" " ind2=" " tag="020">
      <marc:subfield code="a">9783801721008</marc:subfield>
      <marc:subfield code="9">9783801721008</marc:subfield>
   </marc:datafield>
   <marc:datafield ind1=" " ind2=" " tag="020">
      <marc:subfield code="a">3801721000</marc:subfield>
      <marc:subfield code="9">3801721000</marc:subfield>
   </marc:datafield>
   <marc:datafield ind1=" " ind2=" " tag="041">
      <marc:subfield code="a">ger</marc:subfield>
   </marc:datafield>
   <marc:datafield ind1=" " ind2=" " tag="300">
      <marc:subfield code="a">IX, 551 S.</marc:subfield>
   </marc:datafield>
</marc:record>
